Calcul mental rapide - racines carrées - Statistiques

Statistiques générales
  • Ce quiz a été pris 7 480 fois
  • Le résultat moyen est 11 sur 20
Statistiques - réponses
problème solution % Correct
4 2
94%
1 1
93%
9 3
92%
16 4
92%
25 5
92%
36 6
91%
49 7
91%
81 9
91%
64 8
90%
100 10
89%
121 11
84%
400 20
83%
144 12
81%
900 30
77%
225 15
73%
169 13
71%
1600 40
71%
256 16
70%
3600 60
70%
196 14
68%
2500 50
68%
625 25
62%
441 21
59%
289 17
56%
324 18
56%
361 19
56%
484 22
56%
1024 32
53%
529 23
51%
676 26
49%
576 24
48%
729 27
48%
841 29
47%
961 31
47%
1225 35
45%
2025 45
45%
784 28
44%
1089 33
44%
3025 55
42%
1296 36
41%
1369 37
40%
1444 38
39%
1521 39
39%
1681 41
38%
1156 34
37%
1849 43
37%
2304 48
37%
1764 42
36%
2601 51
36%
2916 54
36%
1936 44
35%
2209 47
35%
2401 49
35%
2704 52
35%
3136 56
35%
3481 59
35%
2809 53
34%
2116 46
33%
3249 57
33%
3364 58
32%
Aucun quiz correspondant
Distribution des résultats
% des personnes avec chaque résultat
Percentile par nombre de réponses
Votre historique - résultats
Vous n’avez pas pris ce quiz